000
00198 a2200097 4500
001
3828
100
_a
Schiff, L.I
245
_a
Quantum mechanics
260
_a
_b
Mcgrawhill
_c
090
_c
3061
_d
3061
942
_a
NUST-CAE
_c
M
_c
22903
999
_c
238901
_d
238901